000
00317nam a2200121Ia 4500
005
20251222144836.0
008
251222s9999||||xx |||||||||||||| ||spa||
082
_a
378.85/M26
100
_a
Marticorena Estrada, Miguel
245
0
_a
San Marcos de Lima Universidad Decana en América:
264
_b
UNMSM
942
_c
LIB
999
_c
21042
_d
21042